Taking sides. (Record no. 14427)
[ view plain ]
| 000 -LEADER | |
|---|---|
| fixed length control field | 00523nam a2200193Ia 4500 |
| 020 ## - INTERNATIONAL STANDARD BOOK NUMBER | |
| ISBN | 1561344435 |
| 040 ## - CATALOGING SOURCE | |
| Transcribing agency | UBW |
| 082 ## - DEWEY DECIMAL CLASSIFICATION NUMBER | |
| Classification number | 362 GOL 1996 A065 Or. |
| 245 00 - TITLE STATEMENT | |
| Title | Taking sides. |
| 246 30 - VARYING FORM OF TITLE | |
| Title proper/short title | Clashing views on controversial issues in drugs and society |
| 246 30 - VARYING FORM OF TITLE | |
| Title proper/short title | Drugs and society |
| 250 ## - EDITION STATEMENT | |
| Edition statement | Second edition |
| 300 ## - PHYSICAL DESCRIPTION | |
| Number of Pages | xxi, 341 pages : |
| Other physical details | illustrations ; |
| Dimensions | 25 cm |
| 650 #0 - SUBJECT ADDED ENTRY--TOPICAL TERM | |
| Topical Term | Drug abuse |
| 650 #2 - SUBJECT ADDED ENTRY--TOPICAL TERM | |
| Topical Term | Social Environment |
| 650 #2 - SUBJECT ADDED ENTRY--TOPICAL TERM | |
| Topical Term | Substance-Related Disorders |
| 700 1# - ADDED ENTRY--PERSONAL NAME | |
| Personal name | Goldberg, Ray |
| 942 ## - ADDED ENTRY ELEMENTS (KOHA) | |
| Koha item type | សៀវភៅភាសាអង់គ្លេស |
| 952 ## - LOCATION AND ITEM INFORMATION (KOHA) | |
| Withdrawn status [LOCAL, KOHA] | 0 |
| Permanent Location | Date acquired | Koha item type | Lost status | Shelving location | Barcode | Current Location | Full call number |
|---|---|---|---|---|---|---|---|
| Library Block A | 2017-10-16 | សៀវភៅភាសាអង់គ្លេស | A065 | A16416 | Library Block A | 362 GOL 1996 A065 Or. |